| 000 | 00529nam a22001937a 4500 | ||
|---|---|---|---|
| 003 | KOHA_MİRAKIL | ||
| 005 | 20251218100234.0 | ||
| 008 | 251218b tu ||||| |||| 00| 0 tur d | ||
| 020 | _a9789751700001 | ||
| 040 |
_aTR-AnABB _btur _cTR-AnABB |
||
| 041 | _atur | ||
| 082 |
_a813.42 _bGOK 2016 |
||
| 100 | 1 | _aGökdemir, Bilal Sami, | |
| 245 | 1 | 0 |
_aMadam Bravo / _cBilal Sami Gökdemir |
| 260 |
_aİstanbul : _bDolce Vita _c2016 |
||
| 300 |
_a221 sayfa ; _c20 cm |
||
| 650 | 0 | 4 | _aTürk edebiyatı, roman |
| 942 |
_2ddc _cBK |
||
| 999 |
_c9753 _d9753 |
||
| 900 | _bGizem YORULMAZ | ||